[Event "26th Abu Dhabi Master 2019"]
[Site "Abu Dhabi"]
[Date "2019.08.03"]
[Round "2.62"]
[White "Kathmale, Sameer"]
[Black "Krzywda, Andrzej"]
[Result "1-0"]
[WhiteElo "2326"]
[BlackElo "2190"]
[Annotator "NA"]
[PlyCount "97"]
[EventDate "2019.08.02"]
[EventType "swiss"]
[EventCountry "UAE"]
[SourceTitle "playchess.com"]
[Source "ChessBase"]
[SourceQuality "1"]
[TimeControl "5400+30"]

1. d4 {[%emt 0:00:00]} Nf6 {[%emt 0:00:00]} 2. Nf3 {[%emt 0:00:00]} e6 {[%emt 0:01:39]} 3. Bg5 {[%emt 0:00:00]} d5 {[%emt 0:03:28]} 4. e3 {[%emt 0:00:07]} Be7 {[%emt 0:00:26]} 5. c4 {[%emt 0:02:32]} O-O {[%emt 0:02:41]} 6. Nc3 {[%emt 0:00:20]} Nbd7 {[%emt 0:01:41]} 7. cxd5 {[%emt 0:02:12]} exd5 {[%emt 0:05:26]} 8. Bd3 {[%emt 0:00:17]} c6 {[%emt 0:00:20]} 9. Qc2 {[%emt 0:00:44]} Re8 {[%emt 0:02:30]} 10. O-O {[%emt 0:00:28]} g6 {[%emt 0:05:59]} 11. a3 {[%emt 0:03:22]} a5 {[%emt 0:01:53]} 12. Na4 {[%emt 0:01:49]} Ne4 {[%emt 0:03:14]} 13. Bxe7 {[%emt 0:02:52]} Qxe7 {[%emt 0:00:21]} 14. Bxe4 {[%emt 0:00:11]} dxe4 {[%emt 0:00:47]} 15. Nd2 {[%emt 0:00:23]} Nf6 {[%emt 0:01:57]} 16. Nb6 {[%emt 0:08:16]} Ra6 {[%emt 0:05:13]} 17. Qc5 {[%emt 0:01:13]} Qc7 {[%emt 0:06:01]} 18. Ndc4 {[%emt 0:05:46]} Be6 {[%emt 0:04:30]} 19. b4 {[%emt 0:02:20]} axb4 {[%emt 0:19:27]} 20. axb4 {[%emt 0:02:52]} Rxa1 {[%emt 0:02:02]} 21. Rxa1 {[%emt 0:00:11]} Bxc4 {[%emt 0:04:27]} 22. Nxc4 {[%emt 0:00:06]} Rd8 {[%emt 0:04:05]} 23. b5 {[%emt 0:08:24]} Ng4 {[%emt 0:08:37]} 24. g3 {[%emt 0:00:56]} Qd7 {[%emt 0:02:54]} 25. bxc6 {[%emt 0:05:20]} bxc6 {[%emt 0:00:01]} 26. Ra7 {[%emt 0:05:02]} Qd5 {[%emt 0:01:37]} 27. h3 {[%emt 0:03:15]} Qxc5 {[%emt 0:01:25]} 28. dxc5 {[%emt 0:02:13]} Rd1+ {[%emt 0:00:02]} 29. Kg2 {[%emt 0:00:11]} Rc1 {[%emt 0:00:43]} 30. Nd6 {[%emt 0:03:52]} Ne5 {[%emt 0:00:20]} 31. g4 {[%emt 0:05:27]} Rxc5 {[%emt 0:05:00]} 32. g5 {[%emt 0:06:18]} Rc2 {[%emt 0:02:50]} 33. Nxe4 {[%emt 0:04:04]} Kg7 {[%emt 0:03:09]} 34. h4 {[%emt 0:03:16]} Ng4 {[%emt 0:01:33]} 35. Kg3 {[%emt 0:00:32]} h5 {[%emt 0:00:24]} 36. Rc7 {[%emt 0:08:16]} Rc1 {[%emt 0:00:02]} 37. Nd6 {[%emt 0:02:28]} Rg1+ {[%emt 0:00:57]} 38. Kf3 {[%emt 0:01:25]} Rf1 {[%emt 0:00:34]} 39. Rxf7+ {[%emt 0:01:12]} Kg8 {[%emt 0:00:02]} 40. Ke2 {[%emt 0:00:59]} Rh1 {[%emt 0:00:45]} 41. Re7 {[%emt 0:03:58]} Rxh4 {[%emt 0:00:40]} 42. f3 {[%emt 0:00:05]} Rh2+ {[%emt 0:00:36]} 43. Kd3 {[%emt 0:00:19]} Nf2+ {[%emt 0:00:29]} 44. Kd4 {[%emt 0:00:06]} Nd1 {[%emt 0:00:35]} 45. Ne4 {[%emt 0:01:16]} h4 {[%emt 0:00:29]} 46. Ke5 {[%emt 0:00:49]} Nxe3 {[%emt 0:00:24]} 47. Nf6+ {[%emt 0:00:12]} Kf8 {[%emt 0:00:07]} 48. Ke6 {[%emt 0:00:11]} Re2 {[%emt 0:00:59]} 49. Rf7# {[%emt 0:00:06]} 1-0

[Event "26th Abu Dhabi Master 2019"]
[Site "Abu Dhabi"]
[Date "2019.08.03"]
[Round "2.63"]
[White "Utsab Chatterjee"]
[Black "Krishnater Kushager"]
[Result "1-0"]
[WhiteElo "2150"]
[BlackElo "2324"]
[Annotator "NA"]
[PlyCount "107"]
[EventDate "2019.08.02"]
[EventType "swiss"]
[EventCountry "UAE"]
[SourceTitle "playchess.com"]
[Source "ChessBase"]
[SourceQuality "1"]
[TimeControl "5400+30"]

1. e4 c5 2. Nf3 Nc6 3. d4 cxd4 4. Nxd4 Nf6 5. Nc3 e5 6. Ndb5 d6 7. Bg5 a6 8. Na3 b5 9. Bxf6 gxf6 10. Nd5 f5 11. Bd3 Be6 12. c4 Bxd5 13. exd5 Ne7 14. cxb5 Bg7 15. bxa6 O-O 16. Qd2 e4 17. Bc4 Ng6 18. Rb1 f4 19. b4 Nh4 20. b5 Qg5 21. b6 Rae8 22. Kd1 Qxg2 23. Qxf4 e3 24. Qxh4 Qxh1+ 25. Kc2 Qf3 26. Bd3 h6 27. b7 e2 28. Qb4 Qxd5 29. Nc4 Qd4 30. a3 e1=N+ 31. Rxe1 Qxf2+ 32. Qd2 Qa7 33. Rxe8 Rxe8 34. Nxd6 Rd8 35. Qb4 Be5 36. Qg4+ Kf8 37. Qc8 Qf2+ 38. Kb3 Qb6+ 39. Nb5 Ke7 40. Qf5 Rd5 41. a4 Qe3 42. Kc4 Qc5+ 43. Kb3 Qe3 44. Kc4 Rc5+ 45. Kb3 Qd2 46. Qxe5+ Rxe5 47. b8=Q Qxd3+ 48. Nc3 Re1 49. Qb4+ Kd8 50. Qh4+ Re7 51. a7 Qa6 52. Qd4+ Kc8 53. Qh8+ Kb7 54. Qb8+ 1-0

[Event "26th Abu Dhabi Master 2019"]
[Site "Abu Dhabi"]
[Date "2019.08.03"]
[Round "2.64"]
[White "Zhang, Xiaowen"]
[Black "Arjun C Krishnamachari"]
[Result "1/2-1/2"]
[WhiteElo "2318"]
[BlackElo "2212"]
[Annotator "NA"]
[PlyCount "34"]
[EventDate "2019.08.02"]
[EventType "swiss"]
[EventCountry "UAE"]
[SourceTitle "playchess.com"]
[Source "ChessBase"]
[SourceQuality "1"]
[TimeControl "5400+30"]

1. e4 e5 2. Nf3 Nc6 3. Bb5 d6 4. d4 exd4 5. Nxd4 Bd7 6. Nc3 Nf6 7. Bxc6 Bxc6 8. Nxc6 bxc6 9. Qd4 Be7 10. O-O O-O 11. Qc4 c5 12. Bg5 Rb8 13. b3 Re8 14. f3 Qc8 15. a3 Qe6 16. Qd3 Qe5 17. Be3 c6 1/2-1/2

[Event "26th Abu Dhabi Master 2019"]
[Site "Abu Dhabi"]
[Date "2019.08.03"]
[Round "2.65"]
[White "Chitlange Sakshi"]
[Black "Pranav, V."]
[Result "0-1"]
[WhiteElo "2168"]
[BlackElo "2316"]
[Annotator "NA"]
[PlyCount "178"]
[EventDate "2019.08.02"]
[EventType "swiss"]
[EventCountry "UAE"]
[SourceTitle "playchess.com"]
[Source "ChessBase"]
[SourceQuality "1"]
[TimeControl "5400+30"]

1. d4 {[%emt 0:00:00]} Nf6 {[%emt 0:00:00]} 2. Bf4 {[%emt 0:00:00]} c5 {[%emt 0:00:09]} 3. d5 {[%emt 0:01:44]} b5 {[%emt 0:00:26]} 4. c4 {[%emt 0:02:04]} Bb7 {[%emt 0:02:09]} 5. e4 {[%emt 0:03:50]} Nxe4 {[%emt 0:01:59]} 6. cxb5 {[%emt 0:00:14]} e6 {[%emt 0:02:04]} 7. dxe6 {[%emt 0:01:32]} fxe6 {[%emt 0:02:49]} 8. Nf3 {[%emt 0:05:00]} Be7 {[%emt 0:05:09]} 9. Be2 {[%emt 0:02:35]} O-O {[%emt 0:00:41]} 10. Be3 {[%emt 0:02:00]} d5 {[%emt 0:03:52]} 11. O-O {[%emt 0:00:18]} Bd6 {[%emt 0:04:37]} 12. Nbd2 {[%emt 0:07:44]} Nf6 {[%emt 0:05:19]} 13. Bg5 {[%emt 0:00:12]} Nbd7 {[%emt 0:01:19]} 14. Bh4 {[%emt 0:04:09]} Qc7 {[%emt 0:02:43]} 15. Qc2 {[%emt 0:01:08]} Rae8 {[%emt 0:01:49]} 16. Rad1 {[%emt 0:04:37]} e5 {[%emt 0:04:16]} 17. Bg3 {[%emt 0:00:38]} e4 {[%emt 0:01:51]} 18. Bxd6 {[%emt 0:04:54]} Qxd6 {[%emt 0:00:09]} 19. Ne1 {[%emt 0:00:23]} d4 {[%emt 0:01:37]} 20. Nc4 {[%emt 0:05:05]} Qc7 {[%emt 0:01:11]} 21. f3 {[%emt 0:00:33]} d3 {[%emt 0:01:05]} 22. Nxd3 {[%emt 0:00:06]} exd3 {[%emt 0:00:09]} 23. Bxd3 {[%emt 0:00:16]} Kh8 {[%emt 0:01:56]} 24. Bf5 {[%emt 0:04:38]} Re7 {[%emt 0:00:38]} 25. Rfe1 {[%emt 0:01:08]} Nb6 {[%emt 0:04:06]} 26. Na5 {[%emt 0:02:26]} Ba8 {[%emt 0:00:34]} 27. Nc6 {[%emt 0:01:38]} Rxe1+ {[%emt 0:05:15]} 28. Rxe1 {[%emt 0:00:01]} c4 {[%emt 0:01:39]} 29. Ne5 {[%emt 0:05:30]} Re8 {[%emt 0:06:59]} 30. f4 {[%emt 0:01:12]} Nbd5 {[%emt 0:04:47]} 31. Bxh7 {[%emt 0:06:26]} Nxf4 {[%emt 0:00:41]} 32. Ng6+ {[%emt 0:02:21]} Nxg6 {[%emt 0:00:19]} 33. Rxe8+ {[%emt 0:00:04]} Kxh7 {[%emt 0:04:42]} 34. Rxa8 {[%emt 0:01:53]} Ng4 {[%emt 0:00:05]} 35. g3 {[%emt 0:04:20]} Qc5+ {[%emt 0:06:02]} 36. Kh1 {[%emt 0:00:05]} Qd5+ {[%emt 0:04:32]} 37. Qg2 {[%emt 0:00:08]} Qd1+ {[%emt 0:00:08]} 38. Qg1 {[%emt 0:00:04]} Nf2+ {[%emt 0:01:59]} 39. Kg2 {[%emt 0:00:01]} Qd5+ {[%emt 0:00:07]} 40. Kxf2 {[%emt 0:00:10]} Qxa8 {[%emt 0:00:01]} 41. Qd1 {[%emt 0:04:56]} Qf8+ {[%emt 0:00:22]} 42. Kg2 {[%emt 0:00:42]} Qf5 {[%emt 0:00:11]} 43. a4 {[%emt 0:03:23]} Ne5 {[%emt 0:01:27]} 44. Qe2 {[%emt 0:02:11]} Nd3 {[%emt 0:00:45]} 45. h4 {[%emt 0:01:45]} Qd5+ {[%emt 0:01:56]} 46. Kh2 {[%emt 0:00:19]} Kg6 {[%emt 0:01:14]} 47. Qe8+ {[%emt 0:01:27]} Kf5 {[%emt 0:01:53]} 48. Qf8+ {[%emt 0:01:39]} Kg6 {[%emt 0:02:03]} 49. Qe8+ {[%emt 0:00:02]} Kh7 {[%emt 0:00:06]} 50. Qe2 {[%emt 0:03:04]} Qf5 {[%emt 0:00:26]} 51. Kg2 {[%emt 0:02:19]} Qg6 {[%emt 0:03:59]} 52. Kh2 {[%emt 0:00:33]} Qf7 {[%emt 0:00:28]} 53. a5 {[%emt 0:03:13]} Qd5 {[%emt 0:00:38]} 54. b6 {[%emt 0:00:53]} axb6 {[%emt 0:01:45]} 55. axb6 {[%emt 0:00:01]} Nc5 {[%emt 0:00:08]} 56. Qe3 {[%emt 0:01:39]} Nd7 {[%emt 0:01:18]} 57. Qf2 {[%emt 0:01:13]} Ne5 {[%emt 0:01:46]} 58. Qf5+ {[%emt 0:02:32]} g6 {[%emt 0:00:01]} 59. Qf4 {[%emt 0:02:24]} Nf3+ {[%emt 0:03:50]} 60. Kh3 {[%emt 0:00:01]} Ne5 {[%emt 0:01:56]} 61. Kh2 {[%emt 0:00:09]} Kg8 {[%emt 0:00:56]} 62. b7 {[%emt 0:01:47]} Qb5 {[%emt 0:00:21]} 63. Kh3 {[%emt 0:01:12]} Qd7+ {[%emt 0:01:50]} 64. Kh2 {[%emt 0:00:07]} Qd6 {[%emt 0:00:12]} 65. Kh3 {[%emt 0:01:16]} Qd7+ {[%emt 0:01:21]} 66. Kh2 {[%emt 0:00:03]} Qb5 {[%emt 0:00:04]} 67. Kh3 {[%emt 0:00:08]} Nd7 {[%emt 0:00:24]} 68. Qc7 {[%emt 0:00:57]} Kf8 {[%emt 0:00:01]} 69. Qd6+ {[%emt 0:02:08]} Kf7 {[%emt 0:00:11]} 70. Qf4+ {[%emt 0:00:53]} Ke6 {[%emt 0:00:35]} 71. Qe4+ {[%emt 0:00:19]} Ne5 {[%emt 0:00:25]} 72. h5 {[%emt 0:00:34]} gxh5 {[%emt 0:00:25]} 73. Qh7 {[%emt 0:00:08]} Nd7 {[%emt 0:00:17]} 74. Qh6+ {[%emt 0:00:55]} Ke7 {[%emt 0:00:11]} 75. Qg7+ {[%emt 0:00:35]} Kd6 {[%emt 0:00:07]} 76. Qd4+ {[%emt 0:00:29]} Kc7 {[%emt 0:00:02]} 77. Qa7 {[%emt 0:00:40]} Nb8 {[%emt 0:01:19]} 78. Qd4 {[%emt 0:00:32]} Kxb7 {[%emt 0:00:23]} 79. g4 {[%emt 0:00:20]} hxg4+ {[%emt 0:00:09]} 80. Kxg4 {[%emt 0:00:01]} Qd7+ {[%emt 0:00:25]} 81. Qxd7+ {[%emt 0:00:16]} Nxd7 {[%emt 0:00:04]} 82. Kf3 {[%emt 0:00:54]} Kc6 {[%emt 0:00:03]} 83. Ke3 {[%emt 0:00:08]} Kc5 {[%emt 0:00:03]} 84. Kd2 {[%emt 0:00:27]} Kb4 {[%emt 0:00:04]} 85. Kc2 {[%emt 0:00:07]} Nc5 {[%emt 0:00:03]} 86. Kb1 {[%emt 0:00:37]} Kb3 {[%emt 0:00:06]} 87. Ka1 {[%emt 0:00:09]} Nd3 {[%emt 0:00:03]} 88. Kb1 {[%emt 0:00:02]} Nxb2 {[%emt 0:00:04]} 89. Kc1 {[%emt 0:00:05]} c3 {[%emt 0:00:04]} 0-1

[Event "26th Abu Dhabi Master 2019"]
[Site "Abu Dhabi"]
[Date "2019.08.03"]
[Round "2.66"]
[White "Mithil, Ajgaonkar"]
[Black "Mohamed, Faisal"]
[Result "*"]
[WhiteElo "2314"]
[BlackElo "2150"]
[Annotator "NA"]
[PlyCount "25"]
[EventDate "2019.08.02"]
[EventType "swiss"]
[EventCountry "UAE"]
[SourceTitle "playchess.com"]
[Source "ChessBase"]
[SourceQuality "1"]
[TimeControl "5400+30"]

1. d4 d5 2. c4 c6 3. e3 Nf6 {[%emt 0:06:23]} 4. Nc3 {[%emt 0:01:09]} e6 {[%emt 0:02:51]} 5. Nf3 {[%emt 0:03:26]} Nbd7 {[%emt 0:01:12]} 6. Qc2 {[%emt 0:00:18]} Bd6 {[%emt 0:00:50]} 7. b3 {[%emt 0:00:09]} O-O {[%emt 0:00:43]} 8. Bd3 {[%emt 0:05:19]} e5 {[%emt 0:08:02]} 9. cxd5 {[%emt 0:01:36]} cxd5 {[%emt 0:04:24]} 10. Nb5 {[%emt 0:05:38]} Bb8 {[%emt 0:01:03]} 11. Nd2 {[%emt 0:00:30]} a6 {[%emt 0:05:50]} 12. dxe5 {[%emt 0:17:36]} Nxe5 {[%emt 0:03:51]} 13. Nd4 {[%emt 0:01:07]} *

[Event "26th Abu Dhabi Master 2019"]
[Site "Abu Dhabi"]
[Date "2019.08.03"]
[Round "2.66"]
[White "Mithil, Ajgaonkar"]
[Black "Mohamed, Faisal"]
[Result "1-0"]
[WhiteElo "2314"]
[BlackElo "2150"]
[Annotator "TA"]
[PlyCount "47"]
[EventDate "2019.08.02"]
[EventType "swiss"]
[EventCountry "UAE"]
[SourceTitle "playchess.com"]
[Source "ChessBase"]
[SourceQuality "1"]

{[%evp 15,75,6,2,-1,14,0,4,3,3,6,12,7,16,10,14,0,9,8,1,1,0,0,41,40,35,31,37,35,41,42,57,34,32,18,139,143,135,141,138,140,116,101,141,141,146,147,357,357,321,362,940,931,886,852,1126,1166,1234,989,968,947,29998,29999]} 1. d4 d5 ({Predecessor:} 1... Nf6 2. c4 e6 3. Nc3 d5 4. Nf3 c6 {0-1 (43) Blittkowsky,R (1790)-Ermolaev,M (1971) LSS email 2012}) 2. c4 c6 3. e3 Nf6 4. Nc3 e6 5. Nf3 Nbd7 6. Qc2 Bd6 7. b3 O-O 8. Bd3 e5 {[#] White must now prevent ...e4.} 9. cxd5 {D45: Semi-Slav: 5 e3} cxd5 10. Nb5 Bb4+ 11. Bd2 {The position is equal.} Bxd2+ 12. Nxd2 a6 $146 (12... e4 13. Be2 a6 14. Nc3 Nb8 15. O-O Nc6 16. Rfc1 Bg4 {0-1 (60) Gajewski,G (2654)-Dreev,A (2644) Berlin 2015}) 13. dxe5 Nxe5 14. Nd4 Bd7 {Strongly threatening ...Rc8.} 15. Be2 Rc8 16. Qb2 Bg4 17. O-O Bxe2 18. Nxe2 Nd3 19. Qd4 Nc5 20. Nf3 Ne6 21. Qb2 Qa5 22. Rac1 Nc5 {Hoping for ...Nd3.} 23. b4 Qb6 $1 {And now ...Nd3 would win.} 24. Rfd1 {Played: Qb2-c3} 1-0

[Event "26th Abu Dhabi Master 2019"]
[Site "Abu Dhabi"]
[Date "2019.08.03"]
[Round "2.67"]
[White "Gajwa Ankit"]
[Black "Ilyasli, Ughur"]
[Result "0-1"]
[WhiteElo "2302"]
[BlackElo "2104"]
[Annotator "NA"]
[PlyCount "106"]
[EventDate "2019.08.02"]
[EventType "swiss"]
[EventCountry "UAE"]
[SourceTitle "playchess.com"]
[Source "ChessBase"]
[SourceQuality "1"]
[TimeControl "5400+30"]

1. e4 e6 2. d4 d5 3. Nc3 Nf6 4. e5 Nfd7 5. f4 c5 6. Nf3 Nc6 7. Be3 cxd4 8. Nxd4 Bc5 9. Qd2 O-O 10. O-O-O a6 11. h4 Nxd4 12. Bxd4 b5 13. Rh3 Qb6 14. Re3 f6 15. exf6 Nxf6 16. Be2 Bd7 17. g4 b4 18. Bxc5 Qxc5 19. Nb1 Rac8 20. Bxa6 Rc6 21. Bd3 Nxg4 22. Re2 Ra8 23. f5 exf5 24. Rde1 Rf8 25. Qf4 Qd6 26. Qd4 Qc5 27. Qf4 Qd6 28. Qd4 Rf7 29. Nd2 Qc5 30. Qf4 Qd6 31. Qd4 f4 32. Nf3 h6 33. h5 Qc5 34. Bg6 Rf8 35. Re7 Qxd4 36. Nxd4 Rd6 37. Nf3 Bf5 38. Bxf5 Rxf5 39. Rg1 Kf8 40. Rb7 Nf6 41. Rgxg7 Nxh5 42. Rgc7 Kg8 43. Rxb4 Rg6 44. Rb8+ Rf8 45. Rxf8+ Kxf8 46. a4 Ra6 47. b3 Nf6 48. Kb2 Ne4 49. c4 Ng5 50. Nxg5 hxg5 51. cxd5 f3 52. Rc6 Rxc6 53. dxc6 Ke7 0-1

[Event "26th Abu Dhabi Master 2019"]
[Site "Abu Dhabi"]
[Date "2019.08.03"]
[Round "2.68"]
[White "Salem, Ghuloom"]
[Black "Haase, Pavel"]
[Result "1/2-1/2"]
[WhiteElo "2205"]
[BlackElo "2160"]
[Annotator "NA"]
[PlyCount "44"]
[EventDate "2019.08.02"]
[EventType "swiss"]
[EventCountry "UAE"]
[SourceTitle "playchess.com"]
[Source "ChessBase"]
[SourceQuality "1"]
[TimeControl "5400+30"]

1. e4 {[%emt 0:08:28]} e6 {[%emt 0:00:10]} 2. d4 {[%emt 0:01:16]} d5 {[%emt 0:00:11]} 3. exd5 {[%emt 0:00:09]} exd5 {[%emt 0:00:16]} 4. Nf3 {[%emt 0:00:05]} Bd6 {[%emt 0:00:36]} 5. Be2 {[%emt 0:00:11]} Ne7 {[%emt 0:00:46]} 6. c4 {[%emt 0:00:26]} c6 {[%emt 0:00:14]} 7. O-O {[%emt 0:01:26]} O-O {[%emt 0:01:20]} 8. Nc3 {[%emt 0:00:19]} Nd7 {[%emt 0:15:57]} 9. b3 {[%emt 0:03:38]} Re8 {[%emt 0:04:10]} 10. Qc2 {[%emt 0:10:59]} Nf8 {[%emt 0:11:06]} 11. Bd3 {[%emt 0:01:58]} f6 {[%emt 0:03:29]} 12. h3 {[%emt 0:01:47]} Be6 {[%emt 0:01:58]} 13. Re1 {[%emt 0:06:07]} Qd7 {[%emt 0:00:47]} 14. c5 {[%emt 0:06:04]} Bc7 {[%emt 0:01:19]} 15. Ne2 {[%emt 0:00:59]} g5 {[%emt 0:05:05]} 16. Ng3 {[%emt 0:03:21]} Nfg6 {[%emt 0:17:44]} 17. Nh5 {[%emt 0:03:58]} Rf8 {[%emt 0:00:23]} 18. Qe2 {[%emt 0:07:53]} Bf5 {[%emt 0:05:08]} 19. Bxf5 {[%emt 0:02:25]} Nxf5 {[%emt 0:00:20]} 20. Qe6+ {[%emt 0:00:20]} Qxe6 {[%emt 0:00:06]} 21. Rxe6 {[%emt 0:00:06]} Ng7 {[%emt 0:01:59]} 22. Nxg7 {[%emt 0:06:36]} Kxg7 {[%emt 0:00:13]} 1/2-1/2

[Event "26th Abu Dhabi Master 2019"]
[Site "Abu Dhabi"]
[Date "2019.08.03"]
[Round "2.69"]
[White "Ashraf, Artin"]
[Black "Samant Aditya S"]
[Result "1-0"]
[WhiteElo "2141"]
[BlackElo "2296"]
[Annotator "NA"]
[PlyCount "139"]
[EventDate "2019.08.02"]
[EventType "swiss"]
[EventCountry "UAE"]
[SourceTitle "playchess.com"]
[Source "ChessBase"]
[SourceQuality "1"]
[TimeControl "5400+30"]

1. Nf3 {[%emt 0:02:04]} Nf6 {[%emt 0:00:00]} 2. c4 {[%emt 0:00:40]} e6 {[%emt 0:00:00]} 3. g3 {[%emt 0:00:21]} d5 {[%emt 0:00:11]} 4. b3 {[%emt 0:01:19]} Be7 {[%emt 0:02:11]} 5. Bb2 {[%emt 0:00:31]} O-O {[%emt 0:00:12]} 6. Bg2 {[%emt 0:00:12]} c6 {[%emt 0:01:38]} 7. O-O {[%emt 0:01:05]} Nbd7 {[%emt 0:00:15]} 8. d4 {[%emt 0:01:40]} b6 {[%emt 0:03:02]} 9. Nfd2 {[%emt 0:12:08]} Bb7 {[%emt 0:01:19]} 10. e4 {[%emt 0:08:06]} dxe4 {[%emt 0:05:00]} 11. Nc3 {[%emt 0:01:21]} Qc7 {[%emt 0:07:13]} 12. Ndxe4 {[%emt 0:04:20]} Rad8 {[%emt 0:00:15]} 13. Nxf6+ {[%emt 0:12:37]} Nxf6 {[%emt 0:00:24]} 14. Qe2 {[%emt 0:00:31]} c5 {[%emt 0:09:57]} 15. Nb5 {[%emt 0:02:02]} Qd7 {[%emt 0:00:18]} 16. dxc5 {[%emt 0:01:48]} Bxg2 {[%emt 0:00:34]} 17. Kxg2 {[%emt 0:01:19]} Bxc5 {[%emt 0:09:53]} 18. Qf3 {[%emt 0:12:29]} Qe7 {[%emt 0:04:29]} 19. Rad1 {[%emt 0:10:03]} e5 {[%emt 0:12:37]} 20. Rxd8 {[%emt 0:01:00]} Rxd8 {[%emt 0:00:17]} 21. Rd1 {[%emt 0:00:39]} Rxd1 {[%emt 0:13:51]} 22. Qxd1 {[%emt 0:00:42]} h5 {[%emt 0:01:19]} 23. Nc3 {[%emt 0:15:00]} Ng4 {[%emt 0:06:16]} 24. Nd5 {[%emt 0:02:46]} Qg5 {[%emt 0:12:51]} 25. Qe2 {[%emt 0:04:46]} e4 {[%emt 0:04:42]} 26. Qxe4 {[%emt 0:00:31]} Qd2 {[%emt 0:00:58]} 27. Qe8+ {[%emt 0:01:00]} Kh7 {[%emt 0:01:30]} 28. Qxf7 {[%emt 0:00:28]} Qxb2 {[%emt 0:00:15]} 29. Qxh5+ {[%emt 0:00:21]} Nh6 {[%emt 0:00:11]} 30. Qf3 {[%emt 0:00:25]} Qxa2 {[%emt 0:02:04]} 31. b4 {[%emt 0:00:30]} Qxc4 {[%emt 0:01:16]} 32. bxc5 {[%emt 0:00:26]} bxc5 {[%emt 0:00:17]} 33. Ne3 {[%emt 0:00:35]} Qd4 {[%emt 0:00:37]} 34. g4 {[%emt 0:00:58]} Qf6 {[%emt 0:00:30]} 35. Qd5 {[%emt 0:00:19]} Qd4 {[%emt 0:00:31]} 36. Qh5 {[%emt 0:00:58]} g6 {[%emt 0:00:30]} 37. Qg5 {[%emt 0:00:23]} Nf7 {[%emt 0:00:26]} 38. Qe7 {[%emt 0:00:13]} Kg7 {[%emt 0:00:21]} 39. Qxa7 {[%emt 0:00:29]} Qe4+ {[%emt 0:00:06]} 40. Kg1 {[%emt 0:00:20]} Qb1+ {[%emt 0:00:47]} 41. Kg2 {[%emt 0:00:08]} Qe4+ {[%emt 0:00:09]} 42. Kg1 {[%emt 0:00:17]} c4 {[%emt 0:01:00]} 43. Qc7 {[%emt 0:00:25]} Qb1+ {[%emt 0:00:28]} 44. Kg2 {[%emt 0:00:16]} Qe4+ {[%emt 0:00:18]} 45. Kg1 {[%emt 0:00:50]} Qb1+ {[%emt 0:00:06]} 46. Kg2 {[%emt 0:00:16]} Qe4+ {[%emt 0:00:07]} 47. Kg3 {[%emt 0:00:48]} Qh1 {[%emt 0:01:48]} 48. Qxc4 {[%emt 0:00:16]} Qg1+ {[%emt 0:00:08]} 49. Ng2 {[%emt 0:00:27]} Qa1 {[%emt 0:00:21]} 50. Qc7 {[%emt 0:00:17]} Kg8 {[%emt 0:00:55]} 51. Ne3 {[%emt 0:01:31]} Qg1+ {[%emt 0:00:21]} 52. Kf3 {[%emt 0:00:19]} Qh1+ {[%emt 0:00:32]} 53. Ke2 {[%emt 0:00:15]} Qe4 {[%emt 0:00:34]} 54. Qb8+ {[%emt 0:00:21]} Kg7 {[%emt 0:00:35]} 55. Qc7 {[%emt 0:00:48]} Kg8 {[%emt 0:00:27]} 56. Qc4 {[%emt 0:00:10]} Qe5 {[%emt 0:00:37]} 57. f4 {[%emt 0:00:52]} Qb2+ {[%emt 0:00:14]} 58. Qc2 {[%emt 0:00:11]} Qb6 {[%emt 0:00:32]} 59. Kf3 {[%emt 0:00:52]} Qf6 {[%emt 0:00:11]} 60. Nd5 {[%emt 0:00:42]} Qd6 {[%emt 0:00:56]} 61. Qe4 {[%emt 0:00:44]} Qa3+ {[%emt 0:00:31]} 62. Ne3 {[%emt 0:00:38]} Qd6 {[%emt 0:00:12]} 63. h4 {[%emt 0:00:38]} Qf6 {[%emt 0:00:38]} 64. g5 {[%emt 0:01:01]} Qb6 {[%emt 0:00:46]} 65. h5 {[%emt 0:00:42]} Kg7 {[%emt 0:00:30]} 66. Kg4 {[%emt 0:00:43]} Qd6 {[%emt 0:00:29]} 67. hxg6 {[%emt 0:00:47]} Qxg6 {[%emt 0:00:07]} 68. Nf5+ {[%emt 0:00:09]} Kh8 {[%emt 0:00:32]} 69. Qh1+ {[%emt 0:00:19]} Qh7 {[%emt 0:00:14]} 70. Qa1+ 1-0

[Event "26th Abu Dhabi Master 2019"]
[Site "Abu Dhabi"]
[Date "2019.08.03"]
[Round "2.70"]
[White "Eynullayev, Atilla"]
[Black "Wang, Shanshan"]
[Result "1-0"]
[WhiteElo "2228"]
[BlackElo "2122"]
[Annotator "NA"]
[PlyCount "83"]
[EventDate "2019.08.02"]
[EventType "swiss"]
[EventCountry "UAE"]
[SourceTitle "playchess.com"]
[Source "ChessBase"]
[SourceQuality "1"]
[TimeControl "5400+30"]

1. d4 {[%emt 0:00:00]} Nf6 {[%emt 0:11:26]} 2. c4 {[%emt 0:00:00]} g6 {[%emt 0:00:06]} 3. Nc3 {[%emt 0:00:00]} d5 {[%emt 0:00:13]} 4. Nf3 {[%emt 0:00:05]} Bg7 {[%emt 0:00:12]} 5. h4 {[%emt 0:00:09]} h5 {[%emt 0:10:51]} 6. Bg5 {[%emt 0:03:34]} Ne4 {[%emt 0:04:39]} 7. cxd5 {[%emt 0:04:59]} Nxc3 {[%emt 0:01:02]} 8. bxc3 {[%emt 0:00:40]} Qxd5 {[%emt 0:00:10]} 9. e3 {[%emt 0:06:18]} c5 {[%emt 0:01:49]} 10. Be2 {[%emt 0:03:46]} cxd4 {[%emt 0:06:57]} 11. cxd4 {[%emt 0:01:15]} Qa5+ {[%emt 0:00:29]} 12. Qd2 {[%emt 0:01:40]} Qxd2+ {[%emt 0:01:51]} 13. Kxd2 {[%emt 0:03:35]} Nc6 {[%emt 0:02:46]} 14. Rab1 {[%emt 0:10:16]} e6 {[%emt 0:08:10]} 15. Rhc1 {[%emt 0:06:16]} a6 {[%emt 0:04:47]} 16. Bd1 {[%emt 0:09:10]} Na5 {[%emt 0:11:01]} 17. Rb6 {[%emt 0:10:07]} Bd7 {[%emt 0:05:24]} 18. Rc5 {[%emt 0:07:10]} Bb5 {[%emt 0:04:59]} 19. Be2 {[%emt 0:02:15]} f6 {[%emt 0:03:24]} 20. Bxb5+ {[%emt 0:04:46]} axb5 {[%emt 0:00:11]} 21. Rbxb5 {[%emt 0:00:30]} Nc6 {[%emt 0:08:21]} 22. Rxb7 {[%emt 0:05:20]} Rxa2+ {[%emt 0:04:26]} 23. Ke1 {[%emt 0:02:26]} Ra1+ {[%emt 0:00:32]} 24. Ke2 {[%emt 0:00:55]} Ra2+ {[%emt 0:00:20]} 25. Nd2 {[%emt 0:01:16]} O-O {[%emt 0:03:14]} 26. Rxc6 {[%emt 0:02:49]} fxg5 {[%emt 0:00:07]} 27. Rxe6 {[%emt 0:01:45]} Rf7 {[%emt 0:01:28]} 28. Rxf7 {[%emt 0:04:41]} Kxf7 {[%emt 0:00:07]} 29. Re4 {[%emt 0:00:33]} gxh4 {[%emt 0:01:29]} 30. Rxh4 {[%emt 0:01:00]} Bf8 {[%emt 0:00:35]} 31. d5 {[%emt 0:01:49]} Be7 {[%emt 0:00:16]} 32. Rd4 {[%emt 0:01:10]} Bc5 {[%emt 0:00:30]} 33. Rd3 {[%emt 0:00:52]} Bb4 {[%emt 0:00:50]} 34. e4 {[%emt 0:00:31]} Ke7 {[%emt 0:00:36]} 35. e5 {[%emt 0:01:18]} g5 {[%emt 0:00:18]} 36. d6+ {[%emt 0:01:44]} Kd7 {[%emt 0:00:05]} 37. Ke3 {[%emt 0:00:35]} Bc5+ {[%emt 0:00:15]} 38. Ke4 {[%emt 0:00:51]} Bb6 {[%emt 0:01:09]} 39. Kf5 {[%emt 0:00:44]} g4 {[%emt 0:00:17]} 40. Kf6 {[%emt 0:01:06]} Ke8 {[%emt 0:01:08]} 41. e6 {[%emt 0:01:21]} Bc5 {[%emt 0:00:25]} 42. Ne4 {[%emt 0:00:32]} 1-0